Le Kazakhstan pour les touristes... - Statistiques

Statistiques générales
  • Ce quiz a été pris 11 fois
  • Le résultat moyen est 12 sur 20
Statistiques - réponses
Question Indice Réponses % Correct
Quel est le régime du pays ? R République
100%
Quelles sont les langues officielles ? Russe
100%
Achats à faire 1/ Douceur cacaotée Chocolat
90%
Quelles sont les langues officielles ? Kazakh
90%
Quelles sont les principaux lieux touristiques ? A Ville d'{Astana}
90%
Dans la capitale quel est le décalage horaire avec Paris ? (+ ou - et chiffre) ex - 10 ou + 3,5 + 4
80%
La religion majoritaire est Islam
80%
Combien d'heures (environ) mettrez-vous pour vous y rendre ? (en chiffres) 10
70%
Le principal aéroport est A Almaty
70%
Quel est le climat local ? C Continental
70%
Code sur les plaques minéralogiques KZ
70%
Le suffixe internet est kz
70%
Quelles sont les principaux lieux touristiques ? A Site d'{Almaty}
70%
Comment se nomme la principale compagnie aérienne locale A A Air Astana
60%
Quelles sont les principaux lieux touristiques ? B Site de {Baïkonour}
40%
Quelle est la monnaie ? Tenge
40%
Quelles sont les principaux lieux touristiques ? A Ville d'{Aktaou}
20%
Achats à faire 3/ Instrument de musique Guimbarde
0%
Achats à faire 2/ Symbole de pouvoir Kamcha
0%
Quelles sont les principaux lieux touristiques ? K Lac {Kaindy}
0%
Aucun quiz correspondant
Distribution des résultats
% des personnes avec chaque résultat
Percentile par nombre de réponses
Votre historique - résultats
Vous n’avez pas pris ce quiz